All 50+ 'O' Boy Names that have ever ranked in the top 1000 (US) - Statistics

General Stats
  • This quiz has been taken 34 times
  • The average score is 33 of 90
Answer Stats
Highest Rank Male name % Correct
242 Ole
100%
940 Oley
100%
814 Olie
100%
930 Olive
100%
3 Oliver
100%
143 Ollie
100%
26 Oscar
90%
18 Owen
87%
131 Omar
80%
286 Omer
80%
627 Orie
80%
641 Orrie
80%
853 Osie
77%
673 Ossie
77%
911 Ozie
77%
553 Ozzy
77%
327 Odin
73%
99 Otis
67%
919 Ott
67%
536 Ottis
67%
393 Oakley
63%
486 Oran
60%
356 Oren
60%
391 Orin
60%
314 Orion
60%
885 Orren
60%
383 Orrin
60%
63 Otto
60%
659 Ola
47%
488 Omari
40%
657 Orla
40%
591 Ocean
37%
457 Odie
37%
764 Olan
37%
437 Olen
37%
327 Olin
37%
184 Ora
37%
549 Orson
37%
923 Ova
37%
307 Onyx
33%
811 Opal
33%
691 Orland
33%
246 Orlando
33%
944 Osborn
33%
699 Osborne
33%
465 Oswald
33%
918 Octavius
30%
841 Obe
27%
665 Octavio
27%
297 Orval
27%
742 Orvel
27%
793 Orvil
27%
127 Orville
27%
981 Ogden
23%
917 Osiris
20%
483 Obie
17%
757 Oda
17%
296 Odell
17%
393 Olaf
17%
862 Olof
17%
784 Oneal
17%
981 Osbaldo
17%
418 Osvaldo
17%
674 Oswaldo
17%
969 Owens
17%
536 Orange
13%
977 Osman
13%
983 Ovid
13%
707 Orley
10%
893 Ottie
10%
474 Oral
7%
713 Oris
7%
837 Orris
7%
322 Otho
7%
883 Obed
3%
591 Ocie
3%
336 Odis
3%
906 Odus
3%
531 Okey
3%
982 Oland
3%
420 Omarion
3%
783 Orlo
3%
979 Orvin
3%
453 Otha
3%
628 Octave
0%
947 Orlin
0%
911 Orvis
0%
957 Ovila
0%
977 Ozell
0%
861 Ozias
0%
No matching quizzes found
Score Distribution
Percent of People with Each Score
Percentile by Number Answered
Your Score History
You have not taken this quiz